| 000 | 00673nam a2200229 a 4500 | ||
|---|---|---|---|
| 001 | 68101 | ||
| 003 | BD-RjUL | ||
| 005 | 20211209081730.0 | ||
| 008 | 170330s1961 ctua b 001 0 eng d | ||
| 035 | _a(BD-RjUL)68310 | ||
| 040 |
_aDLC _cABC _dBD-RjUL _beng |
||
| 041 | _aeng | ||
| 082 |
_a612.8 _223 _bSHI 1961 |
||
| 100 | 1 |
_aSherrington, Charles _9201879 |
|
| 245 | 1 | 4 |
_aThe integrative action of the nervous system / _cCharles Sherrington. |
| 250 | _a2nd ed. | ||
| 260 |
_aNew Haven : _bYale University Press, _c1961. |
||
| 300 |
_axx, 413 p. : _bill. ; _c21 cm. |
||
| 504 | _aIncludes bibliography and index. | ||
| 650 | 0 |
_aNervous system. _9201782 |
|
| 942 |
_2ddc _cBK |
||
| 999 |
_c68101 _d68101 |
||